Healing Spices (Record no. 11839)

MARC details
000 -LEADER
fixed length control field 00244nam a22000977a 4500
008 - FIXED-LENGTH DATA ELEMENTS--GENERAL INFORMATION
fixed length control field 200227b ||||| |||| 00| 0 eng d
020 ## - INTERNATIONAL STANDARD BOOK NUMBER
International Standard Book Number 9781402776632
100 ## - MAIN ENTRY--PERSONAL NAME
Personal name Aggarwal,B.
9 (RLIN) 7510
245 ## - TITLE STATEMENT
Title Healing Spices
260 ## - PUBLICATION, DISTRIBUTION, ETC. (IMPRINT)
Place of publication, distribution, etc. New York
Name of publisher, distributor, etc. Sterling
Date of publication, distribution, etc. 2019
Holdings
Withdrawn status Lost status Source of classification or shelving scheme Damaged status Koha normalized classification for sorting Not for loan Home library Current library Shelving location Date acquired Total Checkouts Full call number Barcode Date last seen Price effective from Koha item type
    Dewey Decimal Classification   615_321000000000000_K2   Good Samaritan School Library Good Samaritan School Library Medical Diagnostics 02/27/2020   615.321 K-2 AGG15994 02/27/2020 02/27/2020 BOOK
    Dewey Decimal Classification   615_321000000000000_K2   Good Samaritan School Library Good Samaritan School Library Medical Diagnostics 02/27/2020   615.321 K-2 AGG15995 02/27/2020 02/27/2020 BOOK

Powered by Koha